| 000 | 00628nam a22002297a 4500 | ||
|---|---|---|---|
| 001 | BD-DhSAU 3765 | ||
| 003 | BD-DhSAU | ||
| 005 | 20150209153403.0 | ||
| 008 | 150209s1969 ii a||||r|||| 001 0 eng d | ||
| 040 | _aBD-DhSAU | ||
| 082 |
_222 _a631.4 _bBUT |
||
| 100 | _aBuckman, Harry O | ||
| 245 |
_aThe nature and properies of soils / _cHarry O Buckman & Nyle C Brady |
||
| 250 | _a7th ed. | ||
| 260 |
_aNew Delhi : _bEurasia Pub. Ho. , _cc1969. |
||
| 300 |
_axviii, 653 p. : _bill. ; _c22 cm. |
||
| 504 | _aIncludes index. | ||
| 590 | _aerfat | ||
| 650 |
_aSoil _vnature. |
||
| 650 | _aProsperities. | ||
| 700 | _aBrady, Nyle C | ||
| 942 |
_2ddc _cBOOK |
||
| 999 |
_c3765 _d3765 |
||